Historia de la hacienda pública del Estado de México, 1824-1990 / (Record no. 67515)

MARC details
000 -LEADER
fixed length control field 01329nam a22002537a 4500
005 - DATE AND TIME OF LATEST TRANSACTION
control field 20211111091202.0
008 - FIXED-LENGTH DATA ELEMENTS--GENERAL INFORMATION
fixed length control field 211111b mx ||||| |||| 00| 0 spa d
020 ## - INTERNATIONAL STANDARD BOOK NUMBER
International Standard Book Number 9686873228 (obra completa)
020 ## - INTERNATIONAL STANDARD BOOK NUMBER
International Standard Book Number 9686873244 (tomo II)
020 ## - INTERNATIONAL STANDARD BOOK NUMBER
International Standard Book Number 9686873252 (tomoIII)
020 ## - INTERNATIONAL STANDARD BOOK NUMBER
International Standard Book Number 9686873260 (tomoIV)
050 #4 - LIBRARY OF CONGRESS CALL NUMBER
Classification number HJ805.M4
Item number M46 1994
245 #0 - TITLE STATEMENT
Title Historia de la hacienda pública del Estado de México, 1824-1990 /
Statement of responsibility, etc Carlos Marichal, Manuel Miño Grijalva, Paolo Riguzzi, compiladores.
260 ## - PUBLICATION, DISTRIBUTION, ETC. (IMPRINT)
Place of publication, distribution, etc México :
Name of publisher, distributor, etc El Colegio Mexiquense :
-- Gobierno del Estado de México, Secretaría de Finanzas y Planeación,
Date of publication, distribution, etc 1994
300 ## - PHYSICAL DESCRIPTION
Extent v. ;
Dimensions 23 cm.
490 ## - SERIES STATEMENT
Series statement Historia de la hacienda pública del Estado de México, 1824-1990
505 ## - FORMATTED CONTENTS NOTE
Formatted contents note <br/>
Title v. 2. Memorias de los Gobernadores del Estado de México. El ramo de hacienda, 1824-1857. --
-- v.3. Memorias e informes de los Gobernadores del Estado de México. El ramo de hacienda 1870-1990. --
-- v.4. Fuentes para el estudio de la hacienda pública del Estado de México 1824-1990
650 #7 - SUBJECT ADDED ENTRY--TOPICAL TERM
Source of heading or term lemb
Topical term or geographic name as entry element Finanzas Públicas
General subdivision México (Estado)
-- Historia
650 #7 - SUBJECT ADDED ENTRY--TOPICAL TERM
Source of heading or term lemb
Topical term or geographic name as entry element Hacienda Pública
General subdivision México (Estado)
-- Historia
700 1# - ADDED ENTRY--PERSONAL NAME
Personal name Marichal, Carlos,
Relator term compilador
700 1# - ADDED ENTRY--PERSONAL NAME
Personal name Miño Grijalba, Manuel,
Relator term compilador
700 1# - ADDED ENTRY--PERSONAL NAME
Personal name Riguzzi, Paolo,
Relator term compilador
942 ## - ADDED ENTRY ELEMENTS (KOHA)
Source of classification or shelving scheme Biblioteca del Cogreso de los Estados Unidos
Koha item type Libro
Holdings
Estado de pérdida Fuente de clasificación Estado del daño No para préstamo Ubicación permanente Ubicación actual Apartado o colección Fecha de adquisición Edición Dependencia de educación superior (DES) Área del conocimiento Clasificación Código de Barras Date last seen Número de copia Costo por reposición Tipo de recurso
  Biblioteca del Cogreso de los Estados Unidos     Biblioteca del Instituto de Investigaciones Históricas Biblioteca del Instituto de Investigaciones Históricas General 11/11/2021 1a ed. Humanidades Ciencias Sociales y Administrativas HJ805.M4 M46 1994 IIH000025289 28/08/2018 C:1 T.II 1.00 Libro
  Biblioteca del Cogreso de los Estados Unidos     Biblioteca del Instituto de Investigaciones Históricas Biblioteca del Instituto de Investigaciones Históricas General 11/11/2021 1a ed. Humanidades Ciencias Sociales y Administrativas HJ805.M4 M46 1994 IIH000025290 28/08/2018 C:1 T.III 1.00 Libro
  Biblioteca del Cogreso de los Estados Unidos     Biblioteca del Instituto de Investigaciones Históricas Biblioteca del Instituto de Investigaciones Históricas General 11/11/2021 1a ed. Humanidades Ciencias Sociales y Administrativas HJ805.M4 M46 1994 IIH000025291 28/08/2018 C:1 T.IV 1.00 Libro